Journal of optimization theory and applications

Uložené v:
Podrobná bibliografia
Médium: Seriál
Jazyk:English
Vydavateľské údaje: New York Plenum Publ. Co. 1980
Tagy: Pridať tag
Žiadne tagy, Buďte prvý, kto otaguje tento záznam!

MARC

LEADER 00000nas2a22000001 4500
001 0010477
005 20250730114253.1
022 |a 0022-3239 
041 0 |a eng 
044 |a US 
245 1 0 |a Journal of optimization theory and applications 
264 1 |a New York  |b Plenum Publ. Co.  |c 1980 
300 |a 1 zv. 
773 0 |w eu_un_cat*s120842